Responsabilidad burocrática

Guardat en:
Dades bibliogràfiques
Autor principal: Burke, John P (Autor)
Format: Llibre
Idioma:espanyol
Publicat: Buenos Aires Heliastas 1994
Matèries:
Etiquetes: Afegir etiqueta
Sense etiquetes, Sigues el primer a etiquetar aquest registre!

MARC

LEADER 00000nam a2200000 a 4500
001 UCR7533
003 CL-VaPUC
008 980515e19940000AG |||||||||||||||||spa|d
082 0 4 |a 342  |b BUR  |2 21 
100 0 |a Burke, John P  |e author  |9 408819 
245 1 0 |a Responsabilidad burocrática 
300 |a 320 p 
942 |c BK 
945 |d 19980515 00:00:00  |a mvenant 
260 |a Buenos Aires  |b Heliastas  |c 1994 
650 0 |a Derecho administrativo  |9 254851 
583 |a last modification  |c 19980515 00:00:00  |k Rodrigo Vera 
999 |c 269129  |d 269127 
952 |0 0  |1 0  |4 0  |6 342_000000000000000_BUR_1994  |7 0  |8 A  |9 302771  |a BIBDER  |b BIBDER  |d 2019-11-20  |i 3428176  |o 342 BUR 1994  |p 3428176  |r 2023-01-25  |w 2019-11-20  |y BK  |k DER